Geography Quiz

Random Geography or World Quiz

'K' Countries on a Map Quiz Stats

Quiz Updated Jan 21, 2015

Challenge
Share
Tweet
Score 0/6 Timer 01:00
0 Plays Today
% Correct
Kenya
91.2%
Kuwait
88.5%
Kazakhstan
87.4%
Kosovo
84.9%
Kyrgyzstan
76.4%
Kiribati
74.1%

You're not logged in!

Compare scores with friends on all Sporcle quizzes.
Join for Free
OR
Log In

You Might Also Like...

Show Comments

Extras

Top Quizzes Today


Score Distribution

Your Account Isn't Verified!

In order to create a playlist on Sporcle, you need to verify the email address you used during registration. Go to your Sporcle Settings to finish the process.

Report this User

Report this user for behavior that violates our Community Guidelines.

Details: